000 00777cam a2200229 4500
001 WB3633-11
008 000000n2000 000 0 eng u
035 _a(Sirsi) u107994
245 _aSainsbury shakes up DIY
260 _c2000
490 _aFinancial Times
_v 24 August 2000, 24(2)
520 _aExplains the significance for the retail market if J Sainsbury sells, or merges Homebase. Considers possible contenders to rival B&Q's dominance of the UK DIY market. Table.
590 _aWB
650 _aDIY SECTOR
650 _aPROPERTY-COMMERCIAL PROPERTY-RETAIL PROPERTY-RETAIL PROPERTY MARKET
650 _aSAINSBURY
650 _aB&Q
650 _aHOMEBASE
650 _aCOMPETITION
690 _aPROPERTY-COMMERCIAL PROPERTY-RETAIL PROPERTY
942 _n0
999 _c64516
_d64516